| 000 -CABECERA |
| fixed length control field |
01906nam a22003017i 4500 |
| 003 - IDENTIFICADOR DEL NÚMERO DE CONTROL |
| control field |
AR-CdUCM |
| 008 - DATOS DE LONGITUD FIJA--INFORMACIÓN GENERAL |
| fixed length control field |
240521b20222022pe ||||| |||| 00| 0 spa d |
| 020 ## - NÚMERO INTERNACIONAL ESTÁNDAR DEL LIBRO |
| ISBN |
978-612-49021-7-8 |
| 040 ## - FUENTE DE LA CATALOGACIÓN |
| Agencia/entidad que catalogó originalmente la obra |
MUNICIPALIDAD PROVINCIAL DEL CUSCO |
| Entidad que transcribió la catalogación |
BIBLIOTECA MUNICIPAL DEL CUSCO |
| 082 ## - NÚMERO DE LA CLASIFICACIÓN DECIMAL DEWEY |
| No. de Clasificación |
305.4 / M96 |
| Notacion interna |
M96 |
| 100 ## - ENTRADA PRINCIPAL--NOMBRE DE PERSONA |
| Nombre Personal |
Muñoz Cabrejo, Fanni Genoveva. |
| 245 ## - MENCIÓN DE TÍTULO |
| Título |
La igualdad de las mujeres en la República : |
| Resto del título |
Una promesa por cumplir / |
| 260 ## - PUBLICACIÓN, DISTRIBUCIÓN, ETC. |
| Lugar de publicación, distribución, etc. |
Lima : |
| Nombre de la editorial, distribuidor, etc. |
Ministerio de Cultura del Perú, |
| -- |
Proyecto Especial Bicentenario de la Independencia del Perú, |
| Fecha de publicación, distribución, etc. |
2022 |
| 300 ## - DESCRIPCIÓN FÍSICA |
| Nº de Páginas Extensión |
232 páginas. : |
| Dimensiones |
21cm. |
| 500 ## - NOTA GENERAL |
| Bibliografía |
Bibliografía: páginas 213 - 229 |
| 505 ## - NOTA DE CONTENIDO CON FORMATO |
| Nota de contenido formateada |
La participación de las mujeres en la vida publica y la visibilización de la escritura femenina durante el siglo XIX -- El estado, la educación y las mujeres, 1909-1930 -- Entre la integración, la invisibilización y el reconocimiento como ciudadanas, 1930-1968 -- Democratización de la educación e institucionalización del movimiento de mujeres, 1968-1989 -- La exigencia de las mujeres por la igualdad de género, la visibilización de la violencia y el enfoque de género en la política educativa -- Desafíos de las mujeres en la educación en el marco de la crisis sanitaria |
| 650 ## - PUNTO DE ACCESO ADICIONAL DE MATERIA--TÉRMINO DE MATERIA |
| Descriptor |
La participación política de las mujeres en los inicios de la república |
| 9 (RLIN) |
49998 |
| 650 ## - PUNTO DE ACCESO ADICIONAL DE MATERIA--TÉRMINO DE MATERIA |
| Descriptor |
Visibilización de las mujeres en el espacio público y demanda por la educación e igualdad (1860-1909) |
| 9 (RLIN) |
49999 |
| 650 ## - PUNTO DE ACCESO ADICIONAL DE MATERIA--TÉRMINO DE MATERIA |
| Descriptor |
Las mujeres maestras |
| 9 (RLIN) |
50000 |
| 650 ## - PUNTO DE ACCESO ADICIONAL DE MATERIA--TÉRMINO DE MATERIA |
| Descriptor |
Los inicios del movimiento feminista en el Perú |
| 9 (RLIN) |
50001 |
| 650 ## - PUNTO DE ACCESO ADICIONAL DE MATERIA--TÉRMINO DE MATERIA |
| Descriptor |
Nuevos espacios para las mujeres: los sindicatos |
| 9 (RLIN) |
50002 |
| 650 ## - PUNTO DE ACCESO ADICIONAL DE MATERIA--TÉRMINO DE MATERIA |
| Descriptor |
El voto de la mujer y el populismo |
| 9 (RLIN) |
50003 |
| 700 ## - PUNTO DE ACCESO ADICIONAL--NOMBRE DE PERSONA |
| Nombre Personal |
Monzón Rodríguez, Flor de María |
| 9 (RLIN) |
49918 |
| 856 ## - LOCALIZACIÓN Y ACCESO ELECTRÓNICOS |
| Dirección electrónica |
www.bicentenario.gob.pe/biblioteca |
| 942 ## - ELEMENTOS DE PUNTO DE ACCESO ADICIONAL (KOHA) |
| Fuente de clasificación |
|
| Tipo de item |
Libros-BMC |
| 945 ## - PROCESAMIENTO DE INFORMACIÓN LOCAL (OCLC) |
| Catalogador |
pbj |
| AAAA-MM-DD - Fecha de ingreso o modificacion |
2024-05-21 |